| 000 | 00921nam a22002537i 4500 | ||
|---|---|---|---|
| 999 |
_c23316 _d23316 |
||
| 003 | AR-CdUCM | ||
| 008 | 250716b20232023 pe||||| |||| 00| 0 spa d | ||
| 020 | _a978-612-00-8758-9 | ||
| 040 |
_aMUNICIPALIDAD PROVINCIAL DEL CUSCO _cBIBLIOTECA MUNICIPAL DEL CUSCO |
||
| 041 | _hspa | ||
| 082 |
_a780.89062 / C97 _bC97 |
||
| 100 |
_aCutipa Huayhua, Wilber _950904 |
||
| 245 | _aPreferencias musicales de los jóvenes del barrio Chacarilla Alta de la ciudad de Puno / | ||
| 260 |
_aPuno : _bEditror-Autor _c2023 |
||
| 300 |
_a306 páginas. : _bIlustraciones _c20x15 cm. |
||
| 500 | _zpáginas 95-102 | ||
| 505 | _aTecnología en la música -- Genero y estilo musical -- Música e identidad -- Identificación musical | ||
| 650 |
_aMúsica _91443 |
||
| 650 |
_aEstilo musical _951225 |
||
| 650 |
_aMúsica y juventud _951226 |
||
| 650 |
_aMúsica e identidad _951227 |
||
| 942 |
_2ddc _cLIBROS |
||
| 945 |
_apbjr _d16-07-2025 |
||